000 00622nam a2200217 a 4500
999 _c484
_d484
008 190826s2009 ii ||||gd|||| 000 0 eng d
020 _a9788190534918
_cRs. 875.00
040 _aKO
_beng
041 0 _aeng
044 _aii
082 0 4 _223
_a153.69
_bM2898
100 1 _aMakodia, Vipul V
245 1 0 _aRole of Body Language in Communication /
_cVipul V. Makodia
260 _aJaipur :
_bParadise Publishers,
_c2009
300 _a247 p. ;
_c21 cm.
650 _aBody language
_vTextbooks
650 _aInterpersonal communication
_vTextbooks
650 _aNonverbal communication
_vTextbooks
942 _cBK